000 00591nam a2200193Ia 4500
005 20250508155850.0
008 008 250505s9999 xx 000 0 eng d
037 _aDissertations
040 _aFEDL
_beng
_cFEDL
041 _aeng
_2eng
084 _a378.34, SAP/DI
_qFEDL
100 _aSapra Chaman Lal
245 0 _aStudy of social adjustment of government of India merit scholars in public schools
260 _c1965
300 _axix,102p.
546 _aM. Ed. Dissertations, 1965 (Delhi University)
942 _cDIS
_h378.34, SAP/DI
999 _c1359715
_d1359715